000 00346nam a2200133Ia 4500
008 220216s9999 xx 000 0 und d
100 _aLuo D Z
245 0 _aEvaluating dynamic properties of polymeric isolators
260 _bRubber World
_c1996
300 _a21-24
650 _aDynamic property
650 _aPolymeric isolators
942 _cJS
999 _c58882
_d58882